Statistics for Most Populous US Cities by State - Letter B

Click here to take the quiz!

General Stats

  • This quiz has been taken 369 times
  • The average score is 15 of 50

Answer Stats

StateCity PopulationAnswer% Correct
Alabama206,151Birmingham
94%
Massachusetts696,959Boston
87%
Idaho230,510Boise
84%
Maryland566,631Baltimore
81%
Louisiana214,374Baton Rouge
81%
New York253,793Buffalo
78%
Montana109,976Billings
75%
Colorado104,668Boulder
67%
California391,438Bakersfield
64%
Connecticut143,280Bridgeport
60%
North Dakota74,429Bismarck
58%
Maine32,403Bangor
53%
Vermont43,185Burlington
53%
Oregon108,824Bend
47%
Mississippi46,680Biloxi
46%
Washington151,464Bellevue
41%
Oklahoma113,588Broken Arrow
37%
Texas184,125Brownsville
35%
Indiana75,908Bloomington
33%
Kentucky76,273Bowling Green
29%
Minnesota83,350Bloomington
27%
Arkansas66,327Bentonville
25%
Illinois87,603Bloomington
23%
Pennsylvania76,034Bethlehem
22%
Michigan51,057Battle Creek
16%
Arizona95,463Buckeye
15%
North Carolina56,691Burlington
15%
Nebraska53,694Bellevue
14%
West Virginia15,253Beckley
11%
South Dakota24,442Brookings
11%
New Jersey65,557Bayonne
10%
Virginia43,486Blacksburg
9%
Nevada16,948Boulder City
8%
Delaware*20,850Bear
7%
Iowa37,176Bettendorf
7%
Florida115,911Brandon
6%
Wyoming4,415Buffalo
6%
Tennessee59,551Bartlett
5%
Missouri57,938Blue Springs
5%
Georgia60,129Brookhaven
5%
New Hampshire*23,322Bedford
4%
New Mexico11,695Bernalillo
4%
Utah43,849Bountiful
4%
Wisconsin40,315Brookfield
4%
Ohio48,986Beavercreek
3%
South Carolina33,627Bluffton
3%
Alaska*19,031Badger
2%
Rhode Island*16,158Burrillville
2%
Kansas8,262Bel Aire
1%
Hawaii*416Black Sands
1%

Score Distribution

Percentile by Number Answered

Percent of People with Each Score

Your Score History

You have not taken this quiz